| 000 | 00766nam a2200265Ia 4500 | ||
|---|---|---|---|
| 003 | OSt | ||
| 005 | 20251114111021.0 | ||
| 008 | 210210b2018 xxu||||| |||| 00| 0 eng d | ||
| 040 | _cAL | ||
| 041 | _aKannada | ||
| 082 | _a923.2K JANS | ||
| 100 |
_aJANARDANA PUJARI (B) _dಜನಾರ್ದನ ಪೂಜಾರಿ (ಬಿ) _9245543 |
||
| 245 |
_aSalamelada sangrama: atmakathe _bಸಾಲಮೇಳದ ಸಂಗ್ರಾಮ: ಆತ್ಮಕಥೆ |
||
| 260 |
_aBantvala _b- _c2018 |
||
| 300 | _a226 | ||
| 650 |
_asangrama: _9245544 |
||
| 650 |
_asangrama _9245544 |
||
| 650 |
_aSalamelada _9245545 |
||
| 650 |
_aEd _9245546 |
||
| 650 |
_aatmakathe _9245547 |
||
| 650 |
_a3 _9245548 |
||
| 690 |
_aAutobiography _9245549 |
||
| 906 | _a073102 | ||
| 942 |
_2ddc _cBK |
||
| 999 |
_c122870 _d122870 |
||